| 000 | 00712cam a2200229 a 4500 | ||
|---|---|---|---|
| 020 | _a0813431506 | ||
| 040 | _cIChamL | ||
| 082 | 0 | 0 | _a338 INT 1999 A089 Co. |
| 100 | 1 | _aCheeke, Peter R. | |
| 245 | 1 | 0 | _aContemporary issues in animal agriculture / |
| 250 | _a2nd ed. | ||
| 260 |
_aDanville, Ill. : _bInterstate Publishers, _cc1999. |
||
| 300 |
_axiii, 320 p. : _bill. ; _c28 cm. |
||
| 500 | _aFirst ed. published under title: Impacts of livestock production on society, diet/health and the environment. 1993. | ||
| 650 | 0 | _aLivestock | |
| 650 | 0 | _aFood of animal origin | |
| 650 | 0 | _aAnimal nutrition. | |
| 650 | 0 | _aLivestock | |
| 650 | 0 | _aAnimal industry | |
| 700 | 1 | _aCheeke, Peter R. | |
| 942 | _cEK | ||
| 999 |
_c16111 _d16111 |
||